Stabilné organické radikály ako nové funkčné materiály dizertačná práca

Salvato in:
Dettagli Bibliografici
Autore principale: Kavala, Miroslav
Natura: Libro
Lingua:slovacco
Pubblicazione: Bratislava STU FCHPT 2013
Accesso online:Visualizza in OPAC
Tags: Aggiungi Tag
Nessun Tag, puoi essere il primo ad aggiungerne!!

MARC

LEADER 00000nam a2200000 a 4500
005 20260127134223.0
008 150219 2013 000 0 slo d
035 |a vtls010655779 
039 9 |a 201502191100  |b mschk03  |y 201502191029  |z mschk03 
040 |a STUSCHK1  |b slo  |c STUSCHK1  |e AACR2 
100 1 |a Kavala, Miroslav  |9 461 
245 1 |a Stabilné organické radikály ako nové funkčné materiály  |b dizertačná práca  |c Miroslav Kavala 
260 |a Bratislava  |b STU FCHPT  |c 2013 
300 |a 142 s.  |b il.  |c 30 cm 
910 |a SCHK95 
999 |c 7055  |d 7055